000 01310nam a2200253 a 4500
001 000006062
005 20240305140450.0
008 090826s2006 dr 001 0 spa d
020 _a9945434004
040 _aDO-SdBNP
_bspa
_cBNPHU
082 _a365
_bM827, 2006
100 1 _aMora, Wilfredo,
_d1965-
_912701
245 1 0 _aPenitenciarismo dominicano :
_bentrevistas con Elio Gómez Grillo (Venezuela), Emma Mendoza Bremauntz (México), David Rivera Nazario (Puerto Rico) /
_cMora Wilfredo.
250 _a3a ed.
260 _aSanto Domingo :
_bSociedad Dominicana de Criminología,
_c2006.
490 1 _aPensamiento criminológicos dominicano
_v2
490 1 _aCuadernos de la cárcel
500 _aEntrevistas con / Elio Gómez Grillo (Venezuela), Emma Mendoza Bremauntz (México), David Revera Nazario (Puerto Rico).
505 0 _aLos orígenes del penitenciarismo -- Seguridad y secuestro -- El interior de la prisión -- Los problemas de la cárcel -- El problema de los penitenciaristas -- El penitenciarismo venezolano -- El penitenciarismo mexicano -- El penitenciarismo puertorriqueño
650 4 _aPrisiones
_zRepública Dominicana
_914299
650 4 _aPrisiones
_zAmérica Latina
_917068
830 0 _aPensamiento criminológicos dominicano
_n2
_917069
830 0 _aCuadernos de la cárcel
_917070
999 _c5858
_d5858